Loading...
നളചരിതം ഒന്നാം ദിവസം
| Main Author: | |
|---|---|
| Other Authors: | |
| Format: | Printed Book |
| Published: |
Kottayam
National Book Stall
1998
|
| Subjects: |
| LEADER | 00564cam a2200157ua 4500 | ||
|---|---|---|---|
| 082 | |a M894.812 13 |b UNN/N | ||
| 100 | 0 | |a ഉണ്ണായി വാര്യർ | |
| 245 | 0 | 0 | |a നളചരിതം ഒന്നാം ദിവസം |
| 260 | |a Kottayam |b National Book Stall |c 1998 | ||
| 300 | |a 90p. | ||
| 650 | 0 | |a Nalacharitham onnam divasam | |
| 650 | 0 | |a Nalacharitham- Aattakkatha | |
| 700 | |a Unnayi Warrier | ||
| 942 | |c BK | ||
| 999 | |c 2488 |d 2488 | ||
| 952 | |0 0 |1 0 |4 0 |6 M_894_812000000000000_13_UNNN |7 0 |9 2599 |a KUCL |b KUCL |d 2014-05-23 |l 0 |o M894.812 13 UNN/N |p 05616 |r 2014-05-23 |y BK | ||